1423 1909 1558 1856 1297 1307 1474 1796 1272 1679 1237 1702 1473 1948 1550 1444 1539 1596 1318 1204 1331 1987 1557 1039 1754 1673 1531 1967 1948 1885 1729 1471 1680 1365 1518 1614 1081 1655 1382 1468 1414 1126 1516 1950 1006 1962 1162 1002 1498 1841 1937 1866 1053 1656 1216 1572 1265 1576 1792 1244 1359 1533 1637 1364 1903 1151 1658 1858 1538 1147 1637 1385 1418 1683 1487 1007 1132 1368 1076 1906 1937 1820 1074 1305 1190 1367 1173 1730 1713 1802 1339 1046 1350 1242 1146 1407 1204 1676 1903 BCNSPRNW ULIB Ver.6.0+V

เปลี่ยนเป็นภาษาไทย

Change to English
 แสดงรายละเอียดบรรณานุกรม
  กลับหน้าหลัก

Brief Record : Get Marc (ISO 2709) : E-mail record : QR code < ปิดหน้าต่าง
LEADER : 00000nam 2200000uu 4500
001    13399119987
003     ULIB
008    120820s2555||||th 000 0 tha d
020    ^a9786162790287
060 04 ^aWM100^bม456จ
245 00 ^aจิตเวชศาสตร์รามาธิบดี /^cมาโนช หล่อตระกูล, ปราโมทย์ สุคนิชย์, บรรณาธิการ
246 30 ^aจิตเวชศาสตร์ รามาธิบดี
250    ^aพิมพ์ครั้งที่ 3 (เรียบเรียงใหม่)
260    ^aกรุงเทพฯ :^bภาควิชาจิตเวชศาสตร์คณะแพทยศาสตร์โรงพยาบาลรามาธิบดี มหาวิทยาลัยมหิดล,^c2555
300    ^axii, 556 หน้า. :^bตาราง, ภาพประกอบ
505 0  ^a^tพัฒนาการทางจิตใจ - -^tแนวคิดการเกิดโรคทางจิตเวช - -^tทฤษฎีจิตวิเคราะห์ - -^tการสัมภาษณ์และการตรวจทางจิตเวช - -^tการทดสอบทางจิตวิทยา - -^tอาการและอาการแสดงทางจิตเวช - -^tการจำแนกโรคและการวินิจฉัยโรคทางจิตเวช - -^tDelirium - -^tโรคสมองเสื่อม - -^tปัญหาจากการใช้สารเสพติด - -^tโรคจิตเภทและโรคจิตอื่นๆ - -^tโรคอารมณ์ผิดปกติ - -^tโรควิตกกังวล - -^tSomatoform disorders - -Dissociative disorders และ Factitious disorders - -ความผิดปกติทางเพศ - -^tปัญหาการนอนหลับ - -^tImpulse control disorders - -^tการปรับตัวผิดปกติ - -^tบุคลิกภาพผิดปกติ - -^tปัจจัยทางจิตใจที่มีผลต่อภาวะความเจ็บป่วยทางกาย - -^tอาการทางกายที่ไม่ทราบสาเหตุในเวชปฏิบัติ - -^tจิตเวชฉุกเฉิน - -^tปัญหาทางจิตเวชในผู้ป่วยทางกาย - -^tการดูแลผู้ป่วยระยะสุดท้ายและการสูญเสีย - -^tทักษะการสื่อสารในเวชปฏิบัติ - -^tการรักษาด้านจิตใจ - -^tการให้คำแนะนำปรึกษา - -^tการใช้ยาและ ECT - -^tการสัมภาษณ์และการตรวจสภาพจิตเด็กและวัยรุ่น - -^tโรคทางจิตเวชของเด็กและวัยรุ่น - -^tโรคบกพร่องด้านการเรียน - -^tTic disorders - -^tEating disorder - -^tAttention-deficit/hyperactivity และ Disruptive behavior disorder - -^tPervasive developmental disorder - -^tนิติจิตเวชศาสตร์ - -^tสุขภาพจิตและระบบบริการสุขภาพจิตในประเทศไทย
650  7 ^aจิตเวชศาสตร์
650  7 ^aจิตวิทยาวัยรุ่น
650  7 ^aจิตวิทยาเด็ก
650  7 ^aสุขภาพจิต
700 0  ^aมาโนช หล่อตระกูล,^eบรรณาธิการ
700 0  ^aปราโมทย์ สุคนิชย์,^eบรรณาธิการ
710 2  ^aมหาวิทยาลัยมหิดล. ^bคณะแพทยศาสตร์โรงพยาบาลรามาธิบดี.^bภาควิชาจิตเวชศาสต
945    ^p350^l0^i032323
945    ^p350^l0^i032412
945    ^p350^l0^i032413
945    ^p350^l0^i032414
945    ^p350^l0^i032415
945    ^p350^l0^i032416
945    ^p350^l0^i032417
945    ^p350^l0^i033017
945    ^p350^l0^i033018
995    ^aทศพร
999    ^aทศพร
รายการนี้ยังไม่มีแท็ก
คุณยังไม่ได้ล็อกอิน คุณสามารถมีกิจกรรมร่วมกับเว็บไซต์ได้ แต่ต้องล็อกอินก่อน ::
  ล็อกอิน

รายการสื่อสารสนเทศ

ลำดับที่ ประเภท เลขเรียก/บาร์โค้ด สถานที่ สถานะ
1. วิทยาศาสตร์การแพทย์ และสุขภาพ
หนังสือสำรอง
สถานะ=หนังสือสำรอง
WM100 ม456จ ฉ.1 
  Barcode: 032323
ห้องสมุดวิทยาเขตสวรรค์ประชารักษ์
►ส่วนจัดเก็บหนังสือเก่า สปร
บนชั้น
  ขอยืม
2. วิทยาศาสตร์การแพทย์ และสุขภาพ
วิทยาศาสตร์การแพทย์ และสุขภาพ
WM100 ม456จ ฉ.2 
  Barcode: 032412
ห้องสมุดวิทยาเขตสวรรค์ประชารักษ์
►ส่วนจัดเก็บหนังสือเก่า สปร
บนชั้น
  ขอยืม
3. วิทยาศาสตร์การแพทย์ และสุขภาพ
วิทยาศาสตร์การแพทย์ และสุขภาพ
WM100 ม456จ ฉ.3 
  Barcode: 032413
ห้องสมุดวิทยาเขตสวรรค์ประชารักษ์
►ส่วนจัดเก็บหนังสือเก่า สปร
บนชั้น
  ขอยืม
4. วิทยาศาสตร์การแพทย์ และสุขภาพ
วิทยาศาสตร์การแพทย์ และสุขภาพ
WM100 ม456จ ฉ.4 
  Barcode: 032414
ห้องสมุดวิทยาเขตสวรรค์ประชารักษ์
►ส่วนจัดเก็บหนังสือเก่า สปร
บนชั้น
  ขอยืม
5. วิทยาศาสตร์การแพทย์ และสุขภาพ
วิทยาศาสตร์การแพทย์ และสุขภาพ
WM100 ม456จ ฉ.5 
  Barcode: 032415
ห้องสมุดวิทยาเขตสวรรค์ประชารักษ์
►ส่วนจัดเก็บหนังสือเก่า สปร
บนชั้น
  ขอยืม
6. วิทยาศาสตร์การแพทย์ และสุขภาพ
วิทยาศาสตร์การแพทย์ และสุขภาพ
WM100 ม456จ ฉ.6 
  Barcode: 032416
ห้องสมุดวิทยาเขตสวรรค์ประชารักษ์
►ส่วนจัดเก็บหนังสือเก่า สปร
บนชั้น
  ขอยืม
7. วิทยาศาสตร์การแพทย์ และสุขภาพ
วิทยาศาสตร์การแพทย์ และสุขภาพ
WM100 ม456จ ฉ.7 
  Barcode: 032417
ห้องสมุดวิทยาเขตสวรรค์ประชารักษ์
►ส่วนจัดเก็บหนังสือเก่า สปร
บนชั้น
  ขอยืม
8. วิทยาศาสตร์การแพทย์ และสุขภาพ
วิทยาศาสตร์การแพทย์ และสุขภาพ
WM100 ม456จ ฉ.8 
  Barcode: 033017
ห้องสมุดวิทยาเขตสวรรค์ประชารักษ์
►ส่วนจัดเก็บหนังสือเก่า สปร
บนชั้น
  ขอยืม
9. วิทยาศาสตร์การแพทย์ และสุขภาพ
วิทยาศาสตร์การแพทย์ และสุขภาพ
WM100 ม456จ ฉ.9 
  Barcode: 033018
ห้องสมุดวิทยาเขตสวรรค์ประชารักษ์
►ส่วนจัดเก็บหนังสือเก่า สปร
บนชั้น
  ขอยืม

รายการใกล้เคียง
    หัวเรื่อง [จิตเวชศาสตร์]
    หัวเรื่อง [จิตวิทยาวัยรุ่น]
    หัวเรื่อง [จิตวิทยาเด็ก]
    หัวเรื่อง [สุขภาพจิต]

BibComment


ยังไม่เคยถูกคอมเมนท์

คอมเมนท์ทรัพยากรรายการนี้
  คอมเมนท์: จิตเวชศาสตร์รามา..


 Copyright 2026. Bcnsprnw @Library